Controlled reproduction in cattle and buffaloes /

Bibliographic Details
Main Author: Gordon, Ian, 1944-
Corporate Author: C.A.B. International
Format: Book
Language:English
Published: Wallingford : CAB International, [1996]
Series:Controlled reproduction in farm animals ; v. 1.
Subjects:

MARC

Tag First Indicator Second Indicator Subfields
LEADER 00000cam a2200000 a 4500
001 in00004490721
005 20191203081346.0
008 970113s1996 enka b 001 0 eng d
010 |a gb 97006140  
015 |a GB97-6140 
020 |a 0851991149 :  |c £175.00 : Formerly CIP 
020 |a 0851991181 (four-volume set) 
035 |a (OCoLC)36340627 
035 |z (UtOrBLW)23124 
035 |a 36419 
040 |a UKM  |c UKM  |d UtOrBLW 
049 |a TMVM  |c 1 
060 4 |a SF 768.2.C3  |b G663c 1996 
082 0 4 |a 636.20898  |2 21 
100 1 |a Gordon, Ian,  |d 1944- 
245 1 0 |a Controlled reproduction in cattle and buffaloes /  |c Ian Gordon. 
246 1 4 |a Controlled reproduction in cattle & buffaloes 
264 1 |a Wallingford :  |b CAB International,  |c [1996] 
264 4 |c ©1996 
300 |a xx, 492 pages :  |b illustrations ;  |c 25 cm. 
336 |a text  |2 rdacontent  |b txt 
337 |a unmediated  |2 rdamedia 
338 |a volume  |2 rdacarrier  |b nc 
490 1 |a Controlled reproduction in farm animals series ;  |v v. 1 
500 |a Based on: Controlled breeding in farm animals. Pergamon Press--pref. 
504 |a Includes bibliographical references and index. 
505 0 |a Introduction to controlled reproduction in cattle -- Areas of controlled reproduction in cattle -- Factors affecting fertility in the dairy cow -- Factors affecting fertility of the beef cow -- Artificial insemination as the breeding method -- Factors affecting semen quality and fertility in bulls -- Oestrus in the cow and techniques used in its detection -- Suppression of sexual activity in cattle -- Reproduction management programmes -- The cow's oestrous cycle and associated events -- Oestrus and the oestrous cycle in cattle -- Follicular dynamics in the cow -- Gonadotrophins and their actions -- The dominant follicle -- Ultrasound imaging in monitoring ovarian activity -- Intraovarian events -- Follicular artesia -- Cystic ovarian disease and cystic corpus luteum -- Artificial control of oestrus and ovulation -- Control by progesterone and progestagens -- Prostaglandins and their analogues -- Combined treatments in oestrus control -- Breeding by fixed-time artificial insemination -- Pregnancy testing in cattle -- Physiological and endocrinological changes in early pregnancy in the cow -- Palpation per rectum -- Progesterone assays -- Oestrogen for positive pregnancy diagnosis 
505 0 |a The use of ultrasonics -- Other methods -- Identifying twin-bearing cattle -- Economic evalution of pregnancy diagnosis in cattle -- Control of calving -- Factors affecting the duration of pregnancy -- Physiology and endocrinology of late pregnancy and parturition -- Induction using corticosteroids -- Prostaglandins and induced calvings -- Induction by progesterone antagonist, RU 486 -- Techniques for terminating pregnancy -- The timing of parturition -- Controlling calving interval -- Physiology and endocrinology of the postpartum cow -- Beef suckler cattle -- Strategies for inducing the resumption of cyclical breeding -- Effect of calving interval on conception rate in postpartum cows -- Embryo transfer and associated techniques in cattle -- Superovulation techniques -- Factors affecting response to superovulation treatments -- Breeding the donar cow -- Embryo recovery and evaluation procedures -- Storage and freezing cattle embryos -- Preparing embryos for transfer -- Donor-recipient synchrony -- Selection and management of recipients -- In vitro production of cattle embryos -- Animal health and welfare implications of IVF/ET technology -- Sex control by seperation of spermatozoa -- Embryo sexing procedures -- Cloning in the cattle : present and future possiblities 
505 0 |a Production of transgenic cattle -- Induction of twin births in cattle -- Approaches to cattle twinning -- Twinning by embryo transfer -- Breeding, feeding and management considerations in twin-bearing cattle -- Freemartins -- Breeding cattle at younger ages -- Physiology and endocrinology of puberty in cattle -- Factors affecting age of puberty in cattle -- Hormonal induction of puberty -- Introduction to controlled reproduction in buffaloes -- Factors affecting breeding activity and fertility in the buffalo -- Artificial insemination as the breeding method -- Control of oestrus, pregnancy testing and parturition controlled in buffaloes -- The oestrous cycle and the contol of oestrus -- Pregnancy testing in buffalo -- Control of parturition in buffaloes -- Embryo transfer and associated techniques in buffaloes -- Superovulation techniques -- Embryo recovery, evaluation and storage -- Embryo transfer and recipient management -- Buffalo embryo production and laboratory -- Gender control and micromanipulation if buffalo embryos 
650 2 |a Cattle  |x physiology. 
650 2 |a Buffaloes  |x physiology. 
650 2 |a Breeding. 
650 2 |a Reproductive Techniques  |x veterinary. 
710 2 |a C.A.B. International. 
730 0 |a Controlled breeding in farm animals. 
830 0 |a Controlled reproduction in farm animals ;  |v v. 1. 
999 |a MARS 
999 f f |s d38eccfc-78d5-390d-a245-de44fc69a98b  |i 09dd8e0e-9a8f-3a23-a22d-880474d39755  |t 0 
952 f f |p preservation  |a Texas A&M University  |b J.J. Pickle Campus  |c High Density Repository  |d Remote Storage  |t 0  |e SF 768.2.C3 G663c 1996  |h National Library of Medicine classification  |i unmediated -- volume  |m 323890122968A 
998 f f |a SF 768.2.C3 G663c 1996  |t 0  |l Remote Storage